Statistiken für Wer lügt? #4

Klicken Sie hier um das Quiz zu spielen!

Allgemein

  • Dieses Quiz wurde 1.307 mal gespielt
  • Das Durchschnittsergebnis liegt bei 6 aus 16

Antwortstatistiken

FrageAntwort% Korrekt
Ich bin ein Nachbarland Deutschlands.Ungarn
97%
Ich bin eine Primzahl.81
73%
Ich bin ein Bundesland Österreichs.Graubünden
53%
Ich bin ein Lied der Band Rammstein.Junge
53%
Ich bin ein Film mit Tom Hanks.Der Sturm
49%
Ich bin eine erwähnte Marke im Lied "Wir haben Grund zum Feiern" von Otto Waalkes.Jim Beam
47%
Ich bin ein Drama von Friedrich Schiller.Heinrich VIII.
34%
Mein Ministerpräsident ist von der CDU.Baden-Württemberg
33%
Ich war mal Torschützenkönig der Fußball-Bundesliga.Carsten Jancker
31%
Ich bin ein Fisch.Rotbraunes Ochsenauge
28%
Ich bin eine Ostfriesische Insel.Amrum
26%
Ich bin größer als Deutschland.Malaysia
21%
Ich bin Friedensnobelpreisträger.Papst Johannes Paul II.
21%
Ich wurde vor 1970 geboren.Claudia Schiffer
18%
Ich war schonmal Austragungsort von Olympischen Winterspielen.Montreal
15%
Ich war mal Vorsitzender der SPD.Helmut Schmidt
13%

Verteilung der Resultate

Perzentil nach korrekt beantworteten Fragen

Anzahl Personen mit jedem Resultat

Ihre Resultats-Entwicklung

Sie haben dieses Quiz noch nicht gespielt